Победитель: Лунная трилогия

Xehetasun bibliografikoak
Egile nagusia: Жулавский Е. Ежи
Hizkuntza:errusiera
Argitaratua: Тула, Филинъ, 1993
Saila:Мир фантастики
Gaiak:
Formatua: MixedMaterials Liburua
KOHA link:https://koha.lib.tpu.ru/cgi-bin/koha/opac-detail.pl?biblionumber=12580

MARC

LEADER 00000nam0a2200000 4500
001 12580
005 20231030184424.0
010 |a 5860670079 
035 |a (RuTPU)RU\TPU\book\12658 
035 |a BOOK00012724 
090 |a 12580 
100 |a 20011209d1993 m y0rusy50 ca 
101 0 |a rus 
102 |a RU 
105 |a a z 000ay 
200 1 |a Победитель  |e Лунная трилогия  |f Е. Жулавский 
210 |a Тула  |a Нижний Новгород  |c Филинъ  |c Параллель  |d 1993 
215 |a 574 с.  |c ил. 
225 1 |a Мир фантастики 
610 1 |a романы 
610 1 |a фантастика 
675 |a 884  |v 3 
700 1 |a Жулавский  |b Е.  |g Ежи 
801 0 |a RU  |b 63413507  |c 20011209  |g PSBO 
801 2 |a RU  |b 63413507  |c 20040219  |g PSBO 
942 |c BK